书目信息 |
| 题名: |
图书馆管理工作
|
|
| 作者: | 潘寅生 主编 | |
| 分册: | ||
| 出版信息: | 北京 北京图书馆出版社 2001 |
|
| 页数: | 337页 | |
| 开本: | 20cm | |
| 丛书名: | ||
| 单 册: | ||
| 中图分类: | G259.22 | |
| 科图分类: | ||
| 主题词: | 图书馆管理--中国 | |
| 电子资源: | ||
| ISBN: | 7-5013-1729-1 | |
| 000 | 00804nam0 2200241 45 | |
| 001 | 012001084886 | |
| 005 | 20051229104553.89 | |
| 010 | @a7-5013-1729-1@dCNY18.00 | |
| 092 | @aCN | |
| 100 | @a20011026d2001 em y0chiy0110 ea | |
| 101 | 0 | @achi |
| 102 | @aCN@b110000 | |
| 105 | @ay z 000yy | |
| 200 | 1 | @a图书馆管理工作@Atu shu guan guan li gong zuo@f潘寅生主编@FPan Yin Sheng Zhu Bian |
| 210 | @a北京@c北京图书馆出版社@d2001 | |
| 215 | @a337页@d20cm | |
| 300 | @a图书馆岗位培训教材 | |
| 330 | @a本书内容包括图书馆管理基本理论、图书馆管理体系、图书馆组织机构、图书馆规章制度、图书馆管理方式方法、图书馆人事管理、图书馆业务管理、图书馆行政管理等10章。 | |
| 606 | 0 | @a图书馆管理@y中国 |
| 690 | @aG259.22@v4 | |
| 701 | 0 | @a潘寅生@4主编 |
| 801 | 0 | @aCN@bNLC@c20051229 |
| 905 | @a10447@dG259.22@e19 | |
| 图书馆管理工作/潘寅生主编.-北京:北京图书馆出版社,2001 |
| 337页;20cm |
| 图书馆岗位培训教材 |
| ISBN 7-5013-1729-1:CNY18.00 |
| 本书内容包括图书馆管理基本理论、图书馆管理体系、图书馆组织机构、图书馆规章制度、图书馆管理方式方法、图书馆人事管理、图书馆业务管理、图书馆行政管理等10章。 |
| ● |
| 相关链接 |
|
|
|
|
正题名:图书馆管理工作
索取号:G259.22/19
 
预约/预借
| 序号 | 登录号 | 条形码 | 馆藏地/架位号 | 状态 | 备注 |
| 1 | 0354486 | 3544864 | 第一样本阅览室/ [索取号:G259.22/19] | 在馆 | |
| 2 | 0354487 | 3544873 | 密集书库/ [索取号:G259.22/19] | 在馆 | |
| 3 | 0354488 | 3544882 | 第四借阅区/ [索取号:G259.22/19] | 在馆 | |
| 4 | 0356280 | 3562807 | 密集书库/ [索取号:G259.22/19] | 在馆 | |
| 5 | 0373017 | 203730178 | 第四借阅区/ [索取号:G259.22/19] | 在馆 | |
| 6 | 0373018 | 203730187 | 密集书库/ [索取号:G259.22/19] | 在馆 | |
| 7 | 0373019 | 203730196 | 第四借阅区/ [索取号:G259.22/19] | 在馆 |